000
00425nam a2200145Ia 4500
008
090124s9999 xx 000 0 und d
082
_b
401856
245
_a
गप्प बसा मुछासन
250
_a
1
260
_b
भागवत भा.रा.
_c
1984
300
_a
100
630
_a
गप्प बसा मुछासन
730
_a
गप्प बसा मुछासन
942
_c
BOOK
999
_c
198316
_d
198316